Brawl Stars Brawlers - Statistics

General Stats
  • This quiz has been taken 19 times
  • The average score is 45 of 64
Answer Stats
Hint Answer % Correct
rare poco
100%
starting brawler shelly
100%
rare colt
92%
rare rosa
92%
rare brock
85%
rare bull
85%
chromatic colette
85%
legendary crow
85%
rare el primo
85%
legendary leon
85%
mythic mortis
85%
rare nita
85%
legendary spike
85%
chromatic surge
85%
rare barley
77%
super rare darryl
77%
super rare dynamike
77%
epic emz
77%
chromatic fang
77%
chromatic gale
77%
mythic gene
77%
super rare jessie
77%
mythic max
77%
epic piper
77%
super rare rico
77%
mythic tara
77%
super rare tick
77%
chromatic belle
69%
epic bo
69%
mythic byron
69%
legendary chester
69%
super rare jacky
69%
chromatic mandy
69%
legendary meg
69%
super rare penny
69%
legendary sandy
69%
mythic sprout
69%
super rare 8-bit
62%
epic bea
62%
epic bibi
62%
chromatic buzz
62%
super rare carl
62%
epic edgar
62%
epic frank
62%
mythic gray
62%
epic grom
62%
super rare gus
62%
mythic mr.p
62%
epic nani
62%
epic pam
62%
epic stu
62%
legendary amber
54%
chromatic ash
54%
chromatic buster
54%
chromatic colonel ruffs
54%
chromatic eve
54%
chromatic janet
54%
chromatic lola
54%
chromatic lou
54%
chromatic sam
54%
mythic squeak
54%
epic griff
46%
chromatic otis
46%
epic bonnie
38%
No matching quizzes found
Score Distribution
Percent of People with Each Score
Percentile by Number Answered
Your Score History
You have not taken this quiz